| 000 | 00598nam a2200181Ia 4500 | ||
|---|---|---|---|
| 003 | GCL | ||
| 008 | 140319s9999 xx 000 0 ara d | ||
| 040 |
_aGCL / _cGCL |
||
| 082 | 0 | 4 |
_a796.077 _bم م |
| 100 | 1 | _aمصطفى محمد زيدان | |
| 245 | 1 | 0 |
_aالمدرب والتدريب الرياضى / _cمصطفى محمد زيدان |
| 260 |
_aالرياض : _bنادى مكة الثقافى ، _c1989 |
||
| 300 |
_a175 ص ؛ _c24 سم |
||
| 650 | 0 | 4 | _aالرياضة البدنية |
| 650 | 0 | 4 | _aالالعاب الرياضية |
| 650 | 0 | 4 | _aالتدريب الرياضى |
| 942 |
_2ddc _cBK |
||
| 999 |
_c6930 _d6930 |
||